| 000 | 00613nam a2200205Ia 4500 | ||
|---|---|---|---|
| 003 | OSt | ||
| 005 | 20230419110207.0 | ||
| 008 | 210423s2012 xx 000 0 und d | ||
| 020 | _a9788171946419 | ||
| 040 | _cAL | ||
| 041 | _aeng | ||
| 082 |
_a658 _223 _bKAKS |
||
| 100 |
_aKANNAN (S). _990472 |
||
| 245 | _aTaxmanns vedic management: holistic approach to managerial excellence. | ||
| 260 |
_aNew Delhi _bTaxmann Publications Pvt Ltd _c2012 |
||
| 300 |
_axxix,389 _bHB |
||
| 365 |
_b675 _cINR |
||
| 906 | _aapproach ; excellence. ; holistic ; management: ; managerial ; Taxmanns ; vedic | ||
| 942 |
_2ddc _cBK |
||
| 999 |
_c160718 _d160718 |
||